<?xml version="1.0" encoding="UTF-8"?>
<record
    xmlns:xsi="http://www.w3.org/2001/XMLSchema-instance"
    xsi:schemaLocation="http://www.loc.gov/MARC21/slim http://www.loc.gov/standards/marcxml/schema/MARC21slim.xsd"
    xmlns="http://www.loc.gov/MARC21/slim">

  <leader>00795nam a22001937a 4500</leader>
  <controlfield tag="005">20140409112912.0</controlfield>
  <datafield tag="010" ind1=" " ind2=" ">
    <subfield code="a">ENG-109628-630</subfield>
  </datafield>
  <datafield tag="020" ind1=" " ind2=" ">
    <subfield code="c">3295.00 (set of 3 vols.)</subfield>
    <subfield code="a">9789350354247</subfield>
  </datafield>
  <datafield tag="035" ind1=" " ind2=" ">
    <subfield code="a">EN-93161-163</subfield>
  </datafield>
  <datafield tag="037" ind1=" " ind2=" ">
    <subfield code="b">DBAD/PUB</subfield>
  </datafield>
  <datafield tag="082" ind1=" " ind2=" ">
    <subfield code="a">346.54048</subfield>
  </datafield>
  <datafield tag="100" ind1=" " ind2=" ">
    <subfield code="a">Raghbir Singh</subfield>
  </datafield>
  <datafield tag="245" ind1=" " ind2=" ">
    <subfield code="a">Law relating to intellectual property :</subfield>
    <subfield code="c">by Raghbir Singh</subfield>
    <subfield code="b">a complete comprehensive material on intellectual property covering acts, rules, conventions, treaties, agreements, digest of cases and much more.... /</subfield>
  </datafield>
  <datafield tag="250" ind1=" " ind2=" ">
    <subfield code="a">3rd ed</subfield>
  </datafield>
  <datafield tag="260" ind1=" " ind2=" ">
    <subfield code="b">Universal Law Publishing</subfield>
    <subfield code="c">2014</subfield>
    <subfield code="a">Delhi</subfield>
  </datafield>
  <datafield tag="270" ind1=" " ind2=" ">
    <subfield code="b">Delhi</subfield>
    <subfield code="e">110033</subfield>
    <subfield code="a">A-58, G.T. Karnal Road Industrial Area</subfield>
  </datafield>
  <datafield tag="300" ind1=" " ind2=" ">
    <subfield code="a">3V.(viii,933p.; viii,935-1887p. ; lvii,911p.)</subfield>
    <subfield code="c">24cm(Hb)       </subfield>
  </datafield>
  <datafield tag="942" ind1=" " ind2=" ">
    <subfield code="2">ddc</subfield>
    <subfield code="c">EN</subfield>
    <subfield code="m">RAG</subfield>
    <subfield code="h">346.54048</subfield>
  </datafield>
  <datafield tag="999" ind1=" " ind2=" ">
    <subfield code="c">83196</subfield>
    <subfield code="d">83196</subfield>
  </datafield>
  <datafield tag="952" ind1=" " ind2=" ">
    <subfield code="0">0</subfield>
    <subfield code="1">0</subfield>
    <subfield code="3">v.1</subfield>
    <subfield code="4">0</subfield>
    <subfield code="7">1</subfield>
    <subfield code="8">NFIC</subfield>
    <subfield code="a">DBAD</subfield>
    <subfield code="b">DBAD</subfield>
    <subfield code="d">2014-03-27</subfield>
    <subfield code="e">DBAD/PUB</subfield>
    <subfield code="g">3295.00</subfield>
    <subfield code="l">0</subfield>
    <subfield code="o">346.54048 RAG</subfield>
    <subfield code="p">EN-93161</subfield>
    <subfield code="r">2014-03-27 00:00:00</subfield>
    <subfield code="t">1</subfield>
    <subfield code="v">3295.00</subfield>
    <subfield code="y">EN</subfield>
  </datafield>
  <datafield tag="952" ind1=" " ind2=" ">
    <subfield code="0">0</subfield>
    <subfield code="1">0</subfield>
    <subfield code="3">v.2</subfield>
    <subfield code="4">0</subfield>
    <subfield code="7">1</subfield>
    <subfield code="8">NFIC</subfield>
    <subfield code="a">DBAD</subfield>
    <subfield code="b">DBAD</subfield>
    <subfield code="d">2014-03-27</subfield>
    <subfield code="e">DBAD/PUB</subfield>
    <subfield code="g">3295.00</subfield>
    <subfield code="l">0</subfield>
    <subfield code="o">346.54048 RAG</subfield>
    <subfield code="p">EN-93162</subfield>
    <subfield code="r">2014-03-27 00:00:00</subfield>
    <subfield code="t">1</subfield>
    <subfield code="v">3295.00</subfield>
    <subfield code="y">EN</subfield>
  </datafield>
  <datafield tag="952" ind1=" " ind2=" ">
    <subfield code="0">0</subfield>
    <subfield code="1">0</subfield>
    <subfield code="3">V.3</subfield>
    <subfield code="4">0</subfield>
    <subfield code="7">1</subfield>
    <subfield code="8">NFIC</subfield>
    <subfield code="a">DBAD</subfield>
    <subfield code="b">DBAD</subfield>
    <subfield code="d">2014-03-27</subfield>
    <subfield code="e">DBAD/PUB</subfield>
    <subfield code="g">3295.00</subfield>
    <subfield code="l">0</subfield>
    <subfield code="o">346.54048 RAG</subfield>
    <subfield code="p">EN-93163</subfield>
    <subfield code="r">2014-03-27 00:00:00</subfield>
    <subfield code="t">1</subfield>
    <subfield code="v">3295.00</subfield>
    <subfield code="y">EN</subfield>
  </datafield>
</record>
